Coupe du Monde 1994: Un joueur, une équipe - Statistiques

Statistiques générales
  • Ce quiz a été pris 77 fois
  • Le résultat moyen est 22 sur 24
Statistiques - réponses
Réponse % Correct
Allemagne
100%
Bulgarie
99%
Corée du Sud
99%
Espagne
99%
Italie
99%
Pays-Bas
99%
Suède
99%
Belgique
97%
Brésil
97%
Cameroun
96%
Colombie
96%
Roumanie
96%
Arabie Saoudite
93%
Maroc
93%
Suisse
93%
Argentine
91%
Grèce
91%
Russie
91%
Mexique
85%
Irlande
82%
Norvège
79%
Nigeria
78%
Bolivie
67%
Etats-Unis
67%
Aucun quiz correspondant
Distribution des résultats
% des personnes avec chaque résultat
Percentile par nombre de réponses
Votre historique - résultats
Vous n’avez pas pris ce quiz